000 00575nam a2200217 a 4500
999 _c4481
_d4481
001 4481
003 BD-JhCC
005 20171127195740.0
008 171127s19561959e |||| || | 000 0 eng d
035 _a(BD-JhCC)4481
040 _aBD-JhCC
_dBD-JhCC
041 _aeng
082 _a428.6
_bMOR 1959
100 _aMorris, I.
245 _aThe art of Teaching English as a Living language /
_cI. Morris,
260 _aLondon :
_bThe English Language Book Society,
_c1959.
300 _a170 p. :
_c18 cm.
650 _aEnglish Language
942 _2ddc
_cBK